Violence Studies: (Record no. 183369)

MARC details
000 -LEADER
fixed length control field 00648 a2200193 4500
005 - DATE AND TIME OF LATEST TRANSACTION
control field 20211223153828.0
010 ## - LCCN (DPL NO)
LC control number ENG-130549
020 ## - INTERNATIONAL STANDARD BOOK NUMBER
International Standard Book Number 978-0-19012473-1
Terms of availability 595.00
035 ## - SYSTEM CONTROL NUMBER
System control number EN-114081
037 ## - SOURCE OF ACQUISITION
Source of stock number/acquisition DBAD/PUB
082 ## - DEWEY DECIMAL CLASSIFICATION NUMBER
Classification number 303.60954
Item number 1
245 ## - TITLE STATEMENT
Title Violence Studies:
Remainder of title Oxford India Studies In Contemporary Society/
Statement of responsibility, etc Edited by Kalpana Kambiran
250 ## - EDITION STATEMENT
Edition statement 2020
260 ## - PUBLICATION, DISTRIBUTION, ETC. (IMPRINT)
Place of publication, distribution, etc New Delhi
Name of publisher, distributor, etc Oxford University Press
Date of publication, distribution, etc 2021
270 ## - ADDRESS
Address 22 Workspace, 2nd Floor, 1/22 Asaf Ali Road
City New Delhi
Postal code 110002
300 ## - PHYSICAL DESCRIPTION
Extent vii,396 p.
Dimensions 21cm (pbk)
Other physical details Index
700 ## - ADDED ENTRY--PERSONAL NAME
Personal name Kannabiran, Kalpana
942 ## - ADDED ENTRY ELEMENTS (KOHA)
Institution code [OBSOLETE] dpl
Item type English Books
Source of classification or shelving scheme Dewey Decimal Classification
Classification part 303.60954
Call number suffix VIO
Holdings
Withdrawn status Lost status Not for loan Collection code Home library Current library Date acquired Source of acquisition Cost, normal purchase price Full call number Barcode Copy number Cost, replacement price Koha item type
      Non-fiction Patel Nagar Patel Nagar 23/12/2021 DBAD/PUB 595.00 303.60954 VIO EN-114081 1 595.00 English Books

© Delhi Public Library
Hit Counter
free hit counter